000 00445nam a2200181 a 4500
001 1770805515288
003 YourLibrary
005 20260211155849.0
008 260211s2015##################000#0#eng##
020 _a9781632393746
082 0 4 _a333.707
_bOFF
100 1 _aOffit, Anne,
_eauthor.
245 1 0 _aHandbook of Biosphere :
260 _c2015.
650 0 _aBiosphere.
942 _cENGLISH
040 _aYourLibrary
_beng
_cYourLibrary
999 _c611784
_d611784